| 000 | 00449nam a2200145 i 4500 | ||
|---|---|---|---|
| 001 | 81920 | ||
| 003 | ES-MaACL | ||
| 005 | 20230906174533.0 | ||
| 007 | t| | ||
| 008 | 041108s1922 sp ||||1| spa d | ||
| 245 | 0 | 0 | _aIndice bibliográfico de Medicina conteniendo, además, las principales obras de Farmacia, Química, Fisiatría o Naturismo. |
| 260 |
_aBarcelona : _bSintes, _c1922. |
||
| 300 |
_aXV, 398 p. ; _c17 cm. |
||
| 852 |
_aES-MaACL _jE-1230 |
||
| 999 |
_c81920 _d81920 |
||